000 00515nam a2200181Ia 4500
003 OSt
005 20231229134618.0
008 190216s9999||||xx |||||||||||||| ||und||
020 _a9788174364074
040 _coclc
082 _a636.2142092
_bKUR/T
100 _aKurien, Verghese
_95840
245 0 _aI Too Had A Dream /
_cVerghese Kurien
260 _bRoli Books,
_c2013.
_aNew Delhi:
300 _a250p
650 _aEnglish
942 _cBK
_2ddc
_h636.2142092
_iKUR/T
_k636.2142092
_mKUR/T
999 _c14850
_d14850